Obraz nepriateľa v starovekej Mezopotámii

Podrobná bibliografia
Hlavný autor: Pecha, Lukáš, 1969- (Autor)
Médium: Článok
Jazyk:slovenčina
Fyzický popis:Fotogr.
ISSN:1335-6550
Predmet:

MARC

LEADER 00000nab a2200000 a 4500
001 vtls010060535
003 SK-MaSNL
005 20260304214306.0
008 250507|2009 xo |||||||||||||| b|slo
015 |a SNBRA2010/02  |2 snkbucl 
035 |a (uuid)285a0060-2bdb-44b2-98a7-865a1dcecafa 
035 |a urn:nbn:sk:snk-ab15lc 
035 |a (urnnbn)urn:nbn:sk:snk:ar-00454p 
038 |a SNKBUCL 
040 |a SNKBUCL  |b slo  |c SNKBUCL  |e AACR2 
041 0 |a slo 
044 |a xo  |c SK 
080 |a 94(358)  |2 2001 
100 1 |a Pecha, Lukáš,  |d 1969-  |4 aut  |9 120663 
245 1 0 |a Obraz nepriateľa v starovekej Mezopotámii  |c Lukáš Pecha 
300 |b Fotogr. 
650 0 7 |a vojny  |2 snkbucl  |9 4454 
650 0 7 |a panovníci  |2 snkbucl  |9 4132 
650 0 7 |a bohovia  |2 snkbucl  |9 49839 
650 0 7 |a symbolika  |2 snkbucl  |9 56882 
650 0 7 |a starovek  |2 snkbucl  |9 4258 
651 7 |a Mezopotámia  |2 snkbucl  |9 49298 
655 7 |a štúdie  |2 snkbucl  |9 57033 
773 0 |t Historická revue  |g Roč. XX, č. 12 (2009), s. 42-47  |x 1335-6550 
850 |a Slovenská národná knižnica 
852 |a Slovenská národná knižnica 
954 |a odborná, vedecká literatúra pôvodná (slovenská)  |2 lita 
958 |a article27 
958 |a OND 
958 |a EUIPO 
999 |c 3140576  |d 3142506